| 000 | 00501 a2200169 4500 | ||
|---|---|---|---|
| 003 | Nust | ||
| 005 | 20230201133037.0 | ||
| 040 | _cNust | ||
| 082 | _a940,SOU | ||
| 100 |
_aSouthgate .W,george _9108401 |
||
| 245 |
_aA textbook of modern European history, 1643-1848 / _cGeorge W, Southgate B.A |
||
| 260 |
_aLondon _bJ.m.Dent and sons Ltd (National Book Foundations) |
||
| 300 | _a442 | ||
| 600 |
_aGeorge W, Southgate B.A _9108402 |
||
| 650 |
_aEurpean History _9108403 |
||
| 942 |
_2ddc _cBK _k940,SOU |
||
| 999 |
_c178793 _d178793 |
||